| 000 | 00609nam a2200193Ia 4500 | ||
|---|---|---|---|
| 008 | 191130s2005##################000#0#eng## | ||
| 020 | _a9780743255707 | ||
| 040 |
_aACL _cACL |
||
| 082 | _a641.5 KOR | ||
| 100 | _aKornfeld, Myra | ||
| 245 |
_aThe healthy hedonist : more than 200 delectable flexitarian recipes for relaxed daily feasts _cMyra Kornfeld ; illustrations by Sheila Hamanaka |
||
| 260 |
_aNew York _bSimon & Schuster _c2005 |
||
| 300 | _a359 p. ; 25 cm | ||
| 500 | _aIncludes index | ||
| 650 | _aCooking | ||
| 990 | _a5996c06bac10000c2652363c0d5c47c4 | ||
| 991 | _a301946 | ||
| 999 |
_c52300 _d52300 |
||